Żużel - Zawodnicy Polonii Bydgoszcz na sezon 2025 - Statystyki

Ogólne statystyki
  • Ten quiz został rozwiązany 163 razy
  • Średni wynik to 9 z 11
Statystyki odpowiedzi
Pozycja Zawodnik % Poprawnych
Senior Szymon Woźniak
98%
Senior Krzysztof Buczkowski
97%
Senior Kai Huckenbeck
91%
u24 Tom Brennan
90%
Junior Kacper Andrzejewski
86%
Senior Oleksandr Łoktajew
84%
Junior Bartosz Nowak
80%
Junior Maksymilian Pawełczak
75%
Junior Emil Maroszek
71%
Junior Adam Putkowski
50%
Junior Jan Rompkowski
32%
Nie znaleziono quizów pasujących do podanych kryteriów
Rozkład punktacji
Procent ludzi z każdym wynikiem
Percentyl według liczby udzielonych odpowiedzi
Twoja historia wyników
Nie rozwiązałeś tego quizu